Alle Länder Ozeaniens in 2 Minuten - Statistiken

Allgemein
  • Dieses Quiz wurde 63 mal gespielt
  • Das Durchschnittsergebnis liegt bei 13 aus 15
Antwortstatistiken
Länder % Korrekt
Australien
100%
Neuseeland
100%
Fidschi
96%
Vanuatu
93%
Mikronesien
91%
Palau
91%
Tuvalu
91%
Nauru
89%
Salomonen
89%
Samoa
89%
Kiribati
85%
Papua-Neuguinea
85%
Tonga
85%
Marshallinseln
81%
Cookinseln
11%
Keine übereinstimmenden Quizze gefunden
Verteilung der Resultate
Anzahl Personen mit jedem Resultat
Perzentil nach korrekt beantworteten Fragen
Ihre Resultats-Entwicklung
Sie haben dieses Quiz noch nicht gespielt